000
00247nam a22000857a 4500
008
231128b |||||||| |||| 00| 0 eng d
100
_a
Ziefert, Harriet
_e
Autor
_9
43014
245
_a
¡Mamá quiero dormir en tu cama! /
_c
Harriet Ziefert
942
_2
ddc
999
_c
30441
_d
16825